00328nam a2200133Ia 4500008004100000020001500041041001200056100001500068245004800083250000800131260003900139300000800178650000800186221030s9999 xx 000 0 und d a8177583533 aEnglish aS. Y. Liao 0aMicrowave Devices & Circuitscby S. Y. Liao a3rd bPearson EducationaNew Delhic2014 a561 aECE